| 000 | 00867nam0a22002771 4500 | ||
|---|---|---|---|
| 001 | RU\INFOCOMM_322\NLR\5000107972 | ||
| 005 | 20250614080054.0 | ||
| 035 | _a(NLR Aleph) 010592154 | ||
| 090 |
_a10506443 _c10506443 |
||
| 100 | _a20121214d1954 |||y0rusy50 ca | ||
| 101 | 0 | _aspa | |
| 102 | _aRU | ||
| 105 | _ay z|||| | ||
| 200 | 1 |
_aLos conceptos politicos y filosoficos de Dobroliúbov _fV. Kruzhkov |
|
| 210 |
_aM. _cEd. en lenguas extranjeras _d1954 |
||
| 215 |
_a50 с.; 1 л. портр. _cпортр. _d19 см |
||
| 620 | _aМосква | ||
| 686 |
_aФ(История) _2rubbk |
||
| 700 | 1 |
_9z01790 _aKružkov _bV. S. _f1905- _gVladimir Semenovič |
|
| 702 | 1 |
_aDobroliúbov _bN. _gNikolái _4570 |
|
| 790 | 1 |
_9z01700 _aKruzhkov _bV. _4070 |
|
| 801 | 1 |
_aRU _bNLR _c20121214 |
|
| 801 | 0 |
_aRU _bINFOCOMM _gPSBO |
|
| 852 |
_aNLR _jФ71 Г-4/8 |
||
| 942 | _cBOOK | ||
| 980 | _aNB | ||